00353nam a2200121Ia 4500008004100000020002100041041000800062082002600070100002800096245006200124260003600186300000900222230519s9999 xx 000 0 und d a97815-43347-14-2 aeng aPA/616.042/MUT/DB1100 aMuthukumaran Anjalatchi aCurrent Trends in Infection Control & Safety Semester-III bS Vikas and CoaJalandharc2023 a538p